Commentary on the Law of WAKF in India (Record no. 12449)

MARC details
000 -LEADER
fixed length control field 00623nam a2200241 a 4500
020 ## - INTERNATIONAL STANDARD BOOK NUMBER
ISBN 8186196
082 00 - DEWEY DECIMAL CLASSIFICATION NUMBER
Classification number 346.54
Author Cutter KHA
100 ## - MAIN ENTRY--AUTHOR NAME
Author name Khan, Ahmedullah
245 ## - TITLE STATEMENT
Title Commentary on the Law of WAKF in India
Sub title the Wakf Act, 1995.
260 ## - PUBLICATION, DISTRIBUTION, ETC. (IMPRINT)
Place of publication Hyderabad
Name of publisher Asia Law House
Year of publication 2000
300 ## - PHYSICAL DESCRIPTION
Number of Pages 408p
500 ## - GENERAL NOTE
General note includes index and biblioraphy
505 2# - FORMATTED CONTENTS NOTE
Formatted contents note Index
650 ## - SUBJECT ADDED ENTRY--TOPICAL TERM
Topical Term Laws-India-Waqf
942 ## - ADDED ENTRY ELEMENTS (KOHA)
Koha item type Books
700 1# -
-- Khan, Ahmedullah
Holdings
Collection code Home library Current library Date acquired Cost, normal purchase price Full call number Accession Number Koha item type
  Henry Martyn Institute Library Henry Martyn Institute Library 06/05/2007 330.00 346.54 KHA 019783 Books
                   Copyright © 2026 | Henry Martyn Institute | Hyderabad | TS-500052 | INDIA | Implemented by hmi.edu.in
Hit-Count:

Powered by Koha